| 000 | 00000nas 2200000za 4500 |
| 001 | 9.835858 |
| 003 | CaOODSP |
| 005 | 20221107150750 |
| 007 | cr ||||||||||| |
| 008 | 170427d19701978oncar p oss f0###a0fre|d |
| 040 | |aCaOODSP|bfre |
| 041 | |aeng|afre |
| 043 | |an-cn--- |
| 086 | 1 |aR1-72-PDF |
| 245 | 00|aNumber and acreage of Indian reserves and settlements by band distributed by agency or district within regions |h[ressource électronique] = |bRelevé des réserves et établissements avec leur superficie en acres selon les bandes indiennes groupés par agence ou district d'après les régions. |
| 246 | 11|aRelevé des réserves et établissements avec leur superficie en acres selon les bandes indiennes groupés par agence ou district d'après les régions |
| 260 | |aOttawa : |bDivision de la statistique du Ministère, Ministère des affaires indiennes et du Nord canadien,|c[1971?]-1978. |
| 310 | |aAnnuel. |
| 362 | 1 |aParaît depuis 1970; ne paraît plus après 1977. |
| 500 | |aÉdition numérisée de l’imprimé [Affaires autochtones et du Nord Canada]. |
| 546 | |aTexte en anglais et en français. |
| 692 | 07|2gccst|aRéserve autochtone |
| 692 | 07|2gccst|aStatistiques |
| 710 | 1 |aCanada. |bAffaires indiennes et du Nord Canada. |
| 785 | 00|tNumber and acreage of Indian reserves by band |w(CaOODSP)9.846983 |
| 791 | |tNumber and acreage of Indian reserves and settlements by band distributed by agency or district within regions |eeng|w(CaOODSP)9.835855 |